| 000 | 00445nam a2200193Ia 4500 | ||
|---|---|---|---|
| 008 | 170918s9999 xx 000 0 und d | ||
| 020 | _a9780545793445 | ||
| 050 | _bM339 2012 | ||
| 100 | _aMarino, Gianna | ||
| 245 | _aToo tall houses / | ||
| 245 | _cGianna Marino. | ||
| 260 | _aNew York : | ||
| 260 | _bScholastic, | ||
| 260 | _c2012 | ||
| 300 | _aunpaged : | ||
| 300 | _bcolored illustration ; | ||
| 300 | _c31cm. | ||
| 500 | _a420 | ||
| 999 |
_c341413 _d341413 |
||